01563nam a2200277 a 450000100100000000500170001000800410002704000250006808200150009310000330010824500750014126000410021630000200025750000730027750400270035059000270037765000420040465000540044691000380050095201190053895201160065795201800077395201790095395201360113299900170126800002733720200930030749.0110331s1953 dr r 000 0 spa d aDO-SdBNPbspacBNPHU a321bA973g1 aAybar Mella, Salvador92513310aGénesis y evolución del Estado Dominicano /cSalvador Aybar Mella. aSanto Domingo :bPol Hermano,c1953. a93 p. ;c23 cm. aIncluye referencias bibliográficas y notas al pie de las páginas aBibliografía : p. 95 aInventariado, 2019/MFF 4aEstadozRepública Dominicana933019 4aFormas de gobiernozRepública Dominicana954415 aValidado. Control de calidad. MFF 00102ddc708RVaBNPHUbGRcHDd2019-07-17l0oBNPHU DS-RV 321 A973gp27337-30r2020-06-25te.3w2020-06-25yLBS1 00102ddc708RVaBNPHUbGRcHDd2019-07-17l0oBNPHU DS-RV 321 A973gp27337-40r2020-06-25te.4w2020-06-25y4 00102ddc718RVaPDbPDcHDd2011-03-31l0oBNPHU PD-RV 321 A973gp27337-10r2020-06-25w2020-06-25y1zPerteneció a la bibliteca personal de Juan Isidro Jimenes Grullón. 00102ddc718RVaBNPHUbPDcHDd2019-07-17l0oBNPHU PD-RV 321 A973gp27337-20r2020-06-25te.2w2020-06-25y1zPerteneció a la biblioteca personal de la Flia. Reyes Duluc 00102ddc56708RVaBNPHUbGRcHDd2014-07-17eDonaciónl0oBNPHU DS-RV 321 A973gp2020-0481r2020-11-12te. 5w2020-06-25yLBS1 c26829d26829